La reforma tributaria de 1960 : (Registro nro. 7637)

Detalles MARC
000 -LEADER
fixed length control field 01313nam a2200205Ia 4500
003 - CONTROL NUMBER IDENTIFIER
control field OSt
005 - DATE AND TIME OF LATEST TRANSACTION
control field 20210513085914.0
008 - FIXED-LENGTH DATA ELEMENTS--GENERAL INFORMATION
fixed length control field 210310s1961 ck grl 000 0 spa d
040 ## - CATALOGING SOURCE
Original cataloging agency CO-JMCR
Transcribing agency CO-JMCR
041 0# - LANGUAGE CODE
Language code of text/sound track or separate title spa
082 04 - DEWEY DECIMAL CLASSIFICATION NUMBER
Classification number 336.205 /
Item number E749r
Edition number 23
110 2# - MAIN ENTRY--CORPORATE NAME
Corporate name or jurisdiction name as entry element Escuela Superior de Administración Pública
9 (RLIN) 37585
245 13 - TITLE STATEMENT
Title La reforma tributaria de 1960 :
Remainder of title historia y análisis de la ley 81 de 1960 "Reorganica del impuesto sobre la renta" /
Statement of responsibility, etc. Escuela Superior de Administración Publica
260 ## - PUBLICATION, DISTRIBUTION, ETC.
Place of publication, distribution, etc. Bogotá :
Name of publisher, distributor, etc. Escuela Superior de Administración Publica,
Date of publication, distribution, etc. 1960
300 ## - PHYSICAL DESCRIPTION
Extent vii, 207 páginas ;
Dimensions 23 cm.
505 0# - FORMATTED CONTENTS NOTE
Formatted contents note La estructura general del impuesto en Colombia -- Los sujetos pasivos en la obligación tributaria -- Renta bruta y costos I -- Renta bruta y costos II -- Rentas brutas especiales -- Deducciones de la renta bruta -- Exenciones y rentas exentas -- Determinación de la renta gravable por comparación -- Régimen tributario de sociedades nacionales y extranjeras -- Impuesto complementario de patrimonio -- El Good Will para efectos tributarios -- Impuesto complementario de exceso de utilidades - Recargos e impuestos especiales -- Incentivos tributarios
650 14 - SUBJECT ADDED ENTRY--TOPICAL TERM
Topical term or geographic name entry element Impuestos
9 (RLIN) 15015
Geographic subdivision Colombia
650 14 - SUBJECT ADDED ENTRY--TOPICAL TERM
Topical term or geographic name entry element Reforma tributaria
Chronological subdivision 1960
Geographic subdivision Colombia
9 (RLIN) 37586
942 ## - ADDED ENTRY ELEMENTS (KOHA)
Source of classification or shelving scheme Dewey Decimal Classification
Koha item type Books
Existencias
Withdrawn status Lost status Source of classification or shelving scheme Damaged status Not for loan Collection code Home library Current library Date acquired Source of acquisition Full call number Barcode Date last seen Copy number Koha item type
    Dewey Decimal Classification     Non-fiction Biblioteca Pública José María del Castillo y Rada Biblioteca Pública José María del Castillo y Rada 04/15/2018 Donación 336.205 / E749r 430003391 05/16/2024 V.1 / Ej.1 Books